Loading...
| Current Events | 3 | 16.67 | 100% | 67% | 0% |
| Fine Arts - Classical Music | 7 | 22.86 | 100% | 86% | 43% |
| Fine Arts - Other | 6 | 18.33 | 83% | 83% | 17% |
| Fine Arts - Painting and Sculpture | 6 | 23.33 | 150% | 83% | 0% |
| Geography | 3 | 23.33 | 100% | 100% | 33% |
| History - American | 3 | 13.33 | 100% | 33% | 0% |
| History - European | 7 | 24.29 | 100% | 100% | 43% |
| History - Other | 2 | 15.00 | 100% | 50% | 0% |
| History - World | 7 | 18.57 | 100% | 57% | 29% |
| Literature - American | 7 | 20.00 | 100% | 86% | 14% |
| Literature - British | 7 | 17.14 | 71% | 57% | 43% |
| Literature - European | 5 | 20.00 | 100% | 80% | 20% |
| Literature - World | 5 | 20.00 | 60% | 100% | 40% |
| Mythology | 6 | 18.33 | 100% | 67% | 17% |
| Philosophy | 3 | 10.00 | 100% | 0% | 0% |
| Popular Culture | 2 | 15.00 | 100% | 50% | 0% |
| Religion | 6 | 18.33 | 83% | 67% | 33% |
| Science - Biology | 3 | 20.00 | 100% | 100% | 0% |
| Science - Chemistry | 7 | 11.43 | 86% | 29% | 0% |
| Science - Other | 4 | 17.50 | 100% | 75% | 0% |
| Science - Physics | 5 | 16.00 | 100% | 60% | 0% |
| Social Science | 6 | 13.33 | 100% | 33% | 0% |